[Event "Belgrade-C"]
[Site "Belgrade"]
[Date "1991.??.??"]
[Round "10"]
[White "Gluzman, Mikhail"]
[Black "Raicevic, Momcilo"]
[Result "1-0"]
[WhiteElo "2400"]
[BlackElo "2375"]

1.e4 c6 2.d4 g6 3.Nc3 Bg7 4.Be3 d5 5.e5 h5 6.Qd2 Nh6 7.Nf3 Nf5 8.Bf4 e6 9.h3 Nd7
10.Rg1 Bf8 11.g4 hxg4 12.hxg4 Nh4 13.Nxh4 Qxh4 14.O-O-O Nb6 15.Rg3 Qd8 16.Bd3 Bd7
17.Rgg1 Qh4 18.Kb1 Be7 19.Rg2 O-O-O 20.Rdg1 Qh7 21.Rh2 Qg8 22.Rgh1 Rxh2 23.Rxh2 Qg7
24.Bh6 Qh7 25.Bf4 Qg7 26.Bg5 Bxg5 27.Qxg5 Rh8 28.Rxh8+ Qxh8 29.a4 Qh1+ 30.Ka2 Qf3
31.a5 Nc4 32.Bxc4 dxc4 33.Qe7 Qxf2 34.Qf8+ Kc7 35.Qd6+ Kc8 36.Na4 Qh4 37.a6 bxa6
38.Nc5 Qd8 39.c3 g5 40.Ka1 Be8 41.Qf8 Kc7 42.Ne4 Qd5 43.Nf6  1-0

[Event "Benidorm op"]
[Site "Benidorm"]
[Date "1991.??.??"]
[Round "2"]
[White "Dukaczewski, Piotr"]
[Black "Norwood, David"]
[Result "0-1"]
[WhiteElo "2225"]
[BlackElo "2500"]

1.e4 g6 2.d4 Bg7 3.Nc3 c6 4.Nf3 d6 5.Be3 Nf6 6.h3 O-O 7.a4 Nbd7 8.Bc4 d5
9.exd5 Nb6 10.Bb3 Nfxd5 11.Nxd5 Nxd5 12.Bd2 c5 13.c3 cxd4 14.Nxd4 e5 15.Nf3 e4
16.Nd4 Nb4 17.cxb4 Bxd4 18.Bc3 Bxc3+ 19.bxc3 Qg5 20.g3 e3 21.Qd4 exf2+ 22.Kxf2 Be6
23.Rab1 Bxb3 24.Rxb3 Qf5+ 25.Kg1 Rad8  0-1

[Event "Benidorm op"]
[Site "Benidorm"]
[Date "1991.??.??"]
[Round "6"]
[White "Gallagher, Joseph G"]
[Black "Norwood, David"]
[Result "0-1"]
[WhiteElo "2520"]
[BlackElo "2500"]

1.e4 g6 2.d4 Bg7 3.Nc3 c6 4.Nf3 d6 5.Be3 Nf6 6.Qd2 Qa5 7.Bd3 Bg4 8.Ng1 e5
9.h3 exd4 10.Bxd4 Be6 11.Nf3 c5 12.Be3 Nc6 13.O-O O-O 14.Bh6 Rad8 15.Bxg7 Kxg7
16.Rfd1 a6 17.Qf4 b5 18.Bf1 Qc7 19.a4 b4 20.Ne2 Ne5 21.Ng3 c4 22.Nd4 Qc5
23.Qe3 Bc8 24.Kh1 Rfe8 25.Re1 Neg4 26.hxg4 Nxg4 27.Ndf5+ gxf5 28.Qxc5 dxc5
29.f3 Nf6 30.e5 Nd5 31.Bxc4 Nf4 32.Nf1 Ng6 33.Rad1 Rxd1 34.Rxd1 Nxe5 35.Be2 Nc6
36.Rd2 Nd4 37.Bc4 Re1 38.Kg1 Rc1 39.Bd3 a5 40.Kf2 f4 41.g3 Bh3 42.Nh2 Rh1  0-1

[Event "Biel Mixed"]
[Site "Biel"]
[Date "1991.??.??"]
[Round "2"]
[White "Gallagher, Joseph G"]
[Black "Klauser, Markus"]
[Result "1-0"]
[WhiteElo "2520"]
[BlackElo "2370"]

1.e4 g6 2.d4 Bg7 3.Nc3 c6 4.Nf3 d5 5.h3 Nf6 6.Bd3 dxe4 7.Nxe4 Nxe4 8.Bxe4 O-O
9.O-O Nd7 10.Bg5 Re8 11.c3 Nf8 12.Re1 Be6 13.Qc2 Qc7 14.Rad1 Bd5 15.Bh4 a5
16.c4 Bxe4 17.Rxe4 e6 18.Bg3 Qb6 19.Be5 f6 20.Bd6 Rad8 21.c5 Qa6 22.Rde1 f5
23.R4e2 Rd7 24.Qb3 a4 25.Qb4 Bf6 26.Re3 Be7 27.Ne5 Rdd8 28.Nc4 Bf6 29.Ne5 Be7
30.Bxe7 Rxe7 31.Ra3 Ra8 32.Nc4 Qb5 33.Qc3 Nd7 34.Nd6 Qa6 35.Qg3 Rf8 36.Qg5 Qa5
37.Rae3 Rf6 38.Nxf5 Re8 39.Nd6 Ref8 40.Ne4 R6f7 41.Qg4 Re7 42.Qh4 Rff7 43.R1e2 Qb5
44.Ng5 Rf6 45.Rxe6 Rfxe6 46.Rxe6  1-0

[Event "Biel Mixed"]
[Site "Biel"]
[Date "1991.??.??"]
[Round "4"]
[White "Antonio, Rogelio Jr"]
[Black "Klauser, Markus"]
[Result "1-0"]
[WhiteElo "2495"]
[BlackElo "2370"]

1.e4 g6 2.d4 Bg7 3.Nc3 c6 4.h3 d5 5.Nf3 Nf6 6.Bd3 dxe4 7.Nxe4 Nxe4 8.Bxe4 Nd7
9.O-O O-O 10.Bg5 Qb6 11.Re1 e6 12.Qd2 c5 13.c3 cxd4 14.Nxd4 Nc5 15.Bc2 e5
16.Nf3 Ne6 17.Bb3 Nxg5 18.Qxg5 a5 19.Nxe5 a4 20.Bxf7+ Rxf7 21.Nxf7 Kxf7 22.Re7+ Kf8
23.Rae1 Bf5 24.g4 Bc2 25.Rxg7 Kxg7 26.Re7+ Kf8 27.Qe5  1-0

[Event "Biel op (Women)"]
[Site "Biel"]
[Date "1991.??.??"]
[Round "5"]
[White "Botan, Madalina S"]
[Black "Gurieli, Nino"]
[Result "1/2-1/2"]
[WhiteElo "2175"]
[BlackElo "2365"]

1.e4 g6 2.d4 Bg7 3.Nc3 c6 4.a4 d5 5.e5 f6 6.f4 Nh6 7.Bd3 Bg4 8.Nf3 O-O 9.O-O Na6
10.Bxa6 bxa6 11.Ne2 Nf5 12.Ra3 Qb6 13.Kh1 e6 14.Rc3 Rac8 15.Rc5 Rf7 16.h3 Bxf3
17.Rxf3 fxe5 18.fxe5 Rcf8 19.Rcc3 Qc7 20.Nf4 Nxd4 21.Qxd4 Rxf4 22.Bxf4 Bxe5
23.Qxe5 Qxe5 24.Bxe5  1/2-1/2

[Event "Biel Mixed"]
[Site "Biel"]
[Date "1991.??.??"]
[Round "7"]
[White "Arakhamia, Ketevan"]
[Black "Klauser, Markus"]
[Result "1-0"]
[WhiteElo "2475"]
[BlackElo "2370"]

1.e4 g6 2.d4 Bg7 3.Nc3 c6 4.Nf3 d5 5.h3 Nf6 6.Bd3 dxe4 7.Nxe4 Nxe4 8.Bxe4 O-O
9.O-O Nd7 10.Bg5 c5 11.dxc5 h6 12.Be3 Qc7 13.c6 bxc6 14.Qd2 Ba6 15.Rfe1 Kh7
16.Nd4 e5 17.Nf5 Nf6 18.Bxh6 Nxe4 19.Rxe4  1-0

[Event "Biel Mixed"]
[Site "Biel"]
[Date "1991.??.??"]
[Round "9"]
[White "Landenbergue, Claude"]
[Black "Klauser, Markus"]
[Result "1/2-1/2"]
[WhiteElo "2415"]
[BlackElo "2370"]

1.e4 g6 2.d4 Bg7 3.Nc3 c6 4.Nf3 d5 5.h3 Nf6 6.Bd3 dxe4 7.Nxe4 Nxe4 8.Bxe4 O-O
9.O-O Nd7 10.Bg5 c5 11.dxc5 h6 12.Be3 Qc7 13.c6 bxc6 14.c3 e5 15.Qe2 Nf6
16.Bc2 Nd5 17.Bd2 f5 18.c4 Ba6 19.Bb3 e4 20.Rfd1 Kh7 21.Ne1 Rae8 22.Bc1 f4
23.Bc2 f3 24.gxf3 Nf4 25.Bxf4 Qxf4 26.Bxe4 Be5 27.Qd3 Rd8 28.Qc2 Qh2+ 29.Kf1 Qxh3+
30.Ke2 Qe6 31.Rac1 Bf4 32.Qa4 Bxc1 33.Qxa6 Bg5 34.Nd3 Rf7 35.Qxc6 Rd6  1/2-1/2

[Event "POL-chB"]
[Site "Bielsko-Biala"]
[Date "1991.??.??"]
[Round "10"]
[White "Kaminski, Marcin"]
[Black "Maciejewski, Andrzej"]
[Result "0-1"]
[WhiteElo "2305"]
[BlackElo "2435"]

1.e4 g6 2.d4 c6 3.Nc3 Bg7 4.f4 d5 5.e5 h5 6.Nf3 Bg4 7.Be2 Nh6 8.Be3 Nf5 9.Qd2 e6
10.Bf2 Bf8 11.g3 Nd7 12.h3 Bxf3 13.Bxf3 c5 14.Ne2 Qb6 15.c3 cxd4 16.Nxd4 Bc5
17.O-O Nxd4 18.cxd4 Be7 19.Rac1 Rd8 20.g4 hxg4 21.hxg4 Nb8 22.Bg2 Nc6 23.b3 Kd7
24.Qd3 Rc8 25.Rfd1 Ba3 26.Rc5 Bxc5 27.dxc5 Qa6 28.Qd2 Qa5 29.Qxa5 Nxa5 30.b4 Nc4
31.Bf1 b5 32.Bxc4 bxc4 33.b5 a6 34.a4 Rh3 35.c6+ Kc7 36.bxa6 Kxc6 37.a7 Kb7
38.a5 c3 39.Kg2 c2  0-1

[Event "Bled op"]
[Site "Bled"]
[Date "1991.??.??"]
[Round "?"]
[White "Titova Boric, Elena"]
[Black "Petrovic, Marija"]
[Result "1-0"]
[WhiteElo "2235"]
[BlackElo "2185"]

1.e4 g6 2.d4 Bg7 3.Nc3 c6 4.h4 h5 5.Bc4 b5 6.Bb3 b4 7.Na4 d6 8.Be3 Nf6 9.f3 Nbd7
10.Qd2 a5 11.Nh3 Nb6 12.a3 Nxa4 13.Bxa4 Bd7 14.Nf4 c5 15.Bxd7+ Nxd7 16.Ne2 O-O
17.axb4 axb4 18.O-O Qc7 19.Rfd1 Rfc8 20.Rxa8 Rxa8 21.dxc5 Nxc5 22.Bd4 Bf8
23.Qxb4 Ne6 24.Bc3 Rb8 25.Qa4 Qb6+ 26.Kf1 Qd8 27.Ra1 Bh6 28.Nd4 Nc5 29.Qa5 Qc8
30.Qa7 Nd7 31.Qa6 Qc5 32.Ra5 Qc7 33.Qc6 Qd8 34.Ra7 Nc5 35.Qc7 Qxc7 36.Rxc7 e5
37.Nc6 Re8 38.Ra7 Bf8 39.Nb4 Ne6 40.Nd5 Rc8 41.Ke2 Kg7 42.Kd2 g5 43.hxg5 Nxg5
44.b4 h4 45.b5 Rb8 46.b6 Kg6 47.Kd3 Ne6 48.Be1 h3 49.gxh3 Nd4 50.Bf2 Nxf3
51.b7 f5 52.Nb6 fxe4+ 53.Ke2 d5 54.Nd7 Bd6 55.Nxb8 Bxb8 56.Ra8 Bc7 57.Rc8  1-0

[Event "Brno Morava-C"]
[Site "Brno"]
[Date "1991.??.??"]
[Round "7"]
[White "Votava, Jan"]
[Black "Tkebuchava, Gocha"]
[Result "1-0"]
[WhiteElo "2395"]
[BlackElo "2420"]

1.e4 g6 2.d4 Bg7 3.Nc3 c6 4.Bc4 d6 5.Nf3 Nf6 6.e5 dxe5 7.Nxe5 O-O 8.O-O Nbd7
9.Bg5 Nb6 10.Bb3 Nfd5 11.Nxd5 cxd5 12.Bh4 Bf6 13.Bg3 Bf5 14.c3 Rc8 15.Qe2 h5
16.Bf4 Kg7 17.f3 e6 18.h3 g5 19.g4 gxf4 20.gxf5 Bxe5 21.Qxe5+ Qf6 22.Qxf4 Qxf5
23.Qxf5 exf5 24.f4 Nc4 25.Bxc4 Rxc4 26.Rae1 b5 27.a3 a5 28.Re5 b4 29.cxb4 Rxd4
30.bxa5 Kf6 31.Re2 Ra4 32.Rc1 Rxa5 33.Rc6+ Kg7 34.Rg2+ Kh7 35.Rf6 d4 36.Rd6 Re8
37.Rxd4 Re7 38.Rgd2 Rc5 39.Rd5 Rc1+ 40.Kf2 Rh1 41.Kg2 Ree1 42.Rxf5 Reg1+
43.Kf2 Kg6 44.Rb5 h4 45.Rd6+ f6 46.Rbb6 Rf1+ 47.Ke3 Rxh3+ 48.Ke4 Re1+ 49.Kd4 Rd1+
50.Kc5 Rxd6 51.Rxd6 Kf5 52.a4 Rb3 53.Rd2 Kxf4 54.a5 h3 55.a6 Rb8 56.a7 Ra8
57.Kb6 Kg3 58.Kb7 Rh8 59.b4 f5 60.b5 h2 61.Rd1 f4 62.b6 f3 63.Kc7 f2 64.b7 h1=Q
65.Rxh1 Rxh1 66.b8=Q f1=Q 67.Qg8+ Kh4 68.Qh7+ Kg5 69.Qg7+ Kh5 70.Qh7+ Kg5
71.Qg8+ Kh6 72.Qe6+ Kg5 73.a8=Q Qf4+ 74.Kc6 Qc1+ 75.Kd6 Rd1+ 76.Ke7 Qc5+
77.Ke8 Qb5+ 78.Kf8 Qc5+  1-0

[Event "Brno Morava-C"]
[Site "Brno"]
[Date "1991.??.??"]
[Round "8"]
[White "Michalek, Jan"]
[Black "Tkebuchava, Gocha"]
[Result "1-0"]
[WhiteElo "2320"]
[BlackElo "2420"]

1.e4 g6 2.d4 Bg7 3.Nc3 c6 4.Be3 d6 5.Qd2 Nd7 6.f4 Ngf6 7.Nf3 b5 8.e5 Ng4
9.Bg1 Nb6 10.O-O-O d5 11.h3 Nh6 12.g4 Rb8 13.Be3 Nxg4 14.hxg4 Bxg4 15.Qg2 h5
16.b3 e6 17.Nb1 Bf8 18.Bd2 Qc8 19.Bd3 Qa6 20.Kb2 c5 21.dxc5 Bxc5 22.Qxg4 hxg4
23.Rxh8+ Ke7 24.Rxb8 gxf3 25.a4 Nc4+ 26.Ka2 bxa4 27.bxc4 dxc4 28.Be4 c3 29.Bd3 Qc6
30.Nxc3 Qc7 31.Rdb1 Bb6 32.Rh8 Qc5 33.Bb5 f6 34.Rbh1  1-0

[Event "Bucharest (Women)"]
[Site "Bucharest"]
[Date "1991.??.??"]
[Round "?"]
[White "Duminica, Mariana"]
[Black "Voronova, Tatiana"]
[Result "1/2-1/2"]
[WhiteElo "2110"]
[BlackElo "2200"]

1.e4 g6 2.d4 Bg7 3.Nc3 c6 4.f4 d5 5.e5 Nh6 6.Nf3 f6 7.Be2 Bg4 8.O-O O-O 9.Kh1 Nf5
10.Qd3 Na6 11.a3 Nc7 12.Nd1 Ne6 13.c3 Bh6 14.Ng1 Bxe2 15.Nxe2 fxe5 16.fxe5 Bxc1
17.Rxc1 a5 18.Ne3 Nxe3 19.Qxe3 Qb6 20.Qd2 a4 21.h4 Rxf1+ 22.Rxf1 Rf8 23.Rxf8+ Nxf8
24.Nf4 e6 25.h5 Qd8 26.hxg6 Qh4+ 27.Kg1 hxg6 28.Nd3 Nd7 29.Qc2 Qe4 30.Qd1 Qe3+
31.Kf1 Kg7 32.Nf2 b5 33.Nd3 Kh6 34.Nf2 Kg7 35.Qg4 Qc1+ 36.Nd1 Nb6 37.Qf3 Qg5
38.Ne3 Nc4 39.Nxc4 bxc4 40.Kf2  1/2-1/2

[Event "Bucharest (Women)"]
[Site "Bucharest"]
[Date "1991.??.??"]
[Round "?"]
[White "Marin Ionescu, Luiza"]
[Black "Safranska, Anda"]
[Result "0-1"]
[WhiteElo "2125"]
[BlackElo "2235"]

1.e4 g6 2.d4 Bg7 3.Nc3 c6 4.Be3 d5 5.Nf3 Bg4 6.Be2 Nf6 7.e5 Nfd7 8.Ng5 Bxe2
9.Nxe2 e6 10.O-O c5 11.c3 Nc6 12.h4 Qe7 13.Qd2 O-O 14.Nf3 cxd4 15.cxd4 f6
16.exf6 Nxf6 17.Ng3 Ng4 18.Bg5 Qd6 19.Rad1 Rf7 20.Be3 h6 21.Qe2 Re7 22.h5 g5
23.Nh2 Nxe3 24.Qxe3 Rf8 25.Nf3 Rf4 26.Rfe1 Kh8 27.a3 Qc7 28.b4 Qb6 29.Ne2 Re4
30.Qd3 Rf7 31.b5 g4 32.bxc6 gxf3 33.gxf3 Rh4 34.cxb7 Qxb7 35.Qe3 Rxh5 36.Ng3 Rg5
37.f4 Rg4 38.Qxe6 Rgxf4 39.Qe8+ Rf8 40.Qe6 Rg8 41.Qe3 Qd7 42.Kg2 Qg4 43.Qe2  0-1

[Event "Spring op"]
[Site "Budapest"]
[Date "1991.??.??"]
[Round "1"]
[White "Unander, Matts"]
[Black "Poley, Vladimir"]
[Result "0-1"]
[WhiteElo "2215"]
[BlackElo "2445"]

1.d4 g6 2.e4 Bg7 3.Nc3 c6 4.Be3 d5 5.Nf3 Nh6 6.Qd2 dxe4 7.Bxh6 Bxh6 8.Qxh6 exf3
9.Qg7 Rf8 10.gxf3 Qd6 11.O-O-O Qf4+ 12.Kb1 Qxf3 13.Bd3 Bf5 14.Bxf5 Qxf5 15.d5 Nd7
16.dxc6 bxc6 17.Qd4 f6 18.Rhe1 Ne5 19.Qc5 Kf7 20.f4 Qxf4 21.Rf1 Qg5 22.Rd7 Rfe8
23.Rc7 Qg2 24.Re1 Rab8 25.b3 Qd2 26.Rf1 Qg2 27.Re1 Qd2 28.Rf1 Qg2 29.Re1 Rbd8
30.Ne4 Rd5 31.Qxa7 Qxh2 32.Rf1 f5 33.Qe3 h6 34.Rf2 Ng4 35.Qc3 Nxf2 36.Qf6+ Kg8
37.Qxg6+ Kf8 38.Nf6 Qh1+ 39.Kb2 Nd1+ 40.Ka1 Nc3+ 41.Kb2 Qb1+ 42.Kxc3 Qa1+  0-1

[Event "BUL-ch"]
[Site "?"]
[Date "1991.??.??"]
[Round "5"]
[White "Janev, Evgeni"]
[Black "Peev, Peicho Chonev"]
[Result "1-0"]
[WhiteElo "2345"]
[BlackElo "2400"]

1.e4 g6 2.d4 Bg7 3.Nc3 c6 4.g3 d5 5.exd5 cxd5 6.Bg2 Nf6 7.Nge2 O-O 8.O-O h6
9.h3 Nc6 10.Be3 e6 11.Nf4 b6 12.Re1 Ba6 13.Nd3 Rc8 14.Ne5 Na5 15.Qc1 Kh7
16.f4 Ne8 17.g4 Nd6 18.Ne2 f6 19.Nf3 Ne4 20.f5 exf5 21.gxf5 g5 22.Nd2 Nxd2
23.Bxd2 Nc4 24.Bb4 Re8 25.Nc3 Bb7 26.Rxe8 Qxe8 27.Qe1 Ne3 28.Qf2 Nxg2 29.Kxg2 Qd7
30.Re1 Re8 31.Rxe8 Qxe8 32.Qf3 a5 33.Bd6 Qd7 34.Bg3 b5 35.Nd1 b4 36.h4 Kg8
37.Ne3 Qe8 38.hxg5 hxg5 39.Bc7 a4 40.Bd6 Bf8 41.Ng4 Qd8 42.Bxf8 Qxf8 43.Qe2 Bc8
44.Qb5 Qe7 45.Qxd5+ Kg7 46.Kf2 Qc7 47.Qe4 Bb7 48.d5 Qd6 49.Ne3 Qf4+ 50.Qf3 Qd4
51.b3 a3 52.Qg4 Qf4+ 53.Qxf4 gxf4 54.Ng2 Bxd5 55.Nxf4 Be4 56.Nd3 Bxf5 57.Nxb4 Kf7
58.Ke3 Ke6 59.Kd4 Kd6 60.Nd3 Kc6 61.c4 Bg6 62.Nb4+ Kb6 63.Nd5+ Ka5 64.Kc5 Bb1
65.Nc3 Bd3 66.Kd4 Bc2 67.c5 f5 68.c6 Kb6 69.Nd5+ Ka7 70.b4 Bb3 71.Nc3 Be6
72.Ke5 Bc8 73.Nd5 Ba6 74.Kd6  1-0

[Event "BUL-ch"]
[Site "?"]
[Date "1991.??.??"]
[Round "8"]
[White "Chatalbashev, Boris"]
[Black "Grigorov, Jordan N"]
[Result "1-0"]
[WhiteElo "2385"]
[BlackElo "2385"]

1.d4 g6 2.e4 Bg7 3.Nc3 c6 4.Bc4 e6 5.e5 d5 6.exd6 Qxd6 7.Ne4 Qc7 8.Qf3 f5
9.Ng5 Bxd4 10.Ne2 Be5 11.Nf4 Qe7 12.Qe2 Nd7 13.Nfxe6 h6 14.Nf3 Bd6 15.O-O Ngf6
16.Rd1 Ne4 17.Bf4 Bxf4 18.Nxf4 Nf8 19.Nd2 Bd7 20.Nxe4 fxe4 21.Rd4 O-O-O 22.Rxe4 Qf6
23.c3 Bf5 24.Re7 Qd6 25.Qe5 Qxe5 26.Rxe5 Nd7 27.Re2 Nc5 28.Rae1 g5 29.Ne6 Bxe6
30.Bxe6+ Nxe6 31.Rxe6 Rd2 32.R6e2 Rxe2 33.Rxe2 Kd7 34.f3 Rf8 35.Re4 b5 36.Kf2 a5
37.Kg3 h5 38.h4 Rg8 39.hxg5 Rxg5+ 40.Kh3 c5 41.c4 bxc4 42.Rxc4 Ke6 43.g4 hxg4+
44.fxg4 Rg8 45.b3 Kd5 46.Ra4 Ra8 47.g5 Ke6 48.Kg4 Ke5 49.Rc4 Rc8 50.a3 Kd5
51.g6 Rb8 52.Kg5 Rxb3 53.g7 Kxc4 54.g8=Q+ Kc3 55.Kf4 Rxa3 56.Ke4 Kb4 57.Qb8+ Kc4
58.Qb6 Ra1 59.Qe6+ Kb4 60.Kd3 Ra3+ 61.Kc2 a4 62.Qb6+ Kc4 63.Qa5 Ra2+ 64.Kb1 Ra3
65.Kb2 Rb3+ 66.Ka2 Rb4 67.Ka3 Kd5 68.Qd8+ Kc6 69.Qe7 Kb6 70.Qd6+ Kb5 71.Qd7+ Kb6
72.Qd5 Kb5 73.Qb7+ Kc4 74.Qd7 Kc3 75.Qd5 Rc4 76.Qd6 Kc2 77.Qd7 Rd4 78.Qf5+ Kc3
79.Qxc5+ Kd3 80.Kb2 Rc4 81.Qd5+ Rd4 82.Qf3+ Kc4 83.Qe3 Kd5 84.Kc3 Rc4+ 85.Kd3 Rb4
86.Qg5+ Kc6 87.Qf6+ Kb5 88.Qe5+ Ka6 89.Kc3 Rb5 90.Qd6+ Rb6 91.Qd7  1-0

[Event "JUG-chT Cetinje"]
[Site "Cetinje"]
[Date "1991.??.??"]
[Round "1"]
[White "Popovic, Mladen"]
[Black "Raicevic, Momcilo"]
[Result "1-0"]
[WhiteElo "2345"]
[BlackElo "2375"]

1.e4 g6 2.d4 Bg7 3.Nc3 c6 4.h4 d5 5.e5 h5 6.Nh3 Nh6 7.Ng5 e6 8.Bd3 a6 9.Ne2 c5
10.c3 Nc6 11.O-O cxd4 12.cxd4 O-O 13.Be3 Ng4 14.Nf4 Bh6 15.Nfh3 f6 16.Bxg6 fxg5
17.Bxg5 Bxg5 18.hxg5 Bd7 19.Bxh5 Nxf2 20.Rxf2 Rxf2 21.Nxf2 Qxg5 22.Qg4 Qg7
23.Qh4 Ne7 24.Ng4 Nf5 25.Nf6+ Kf8 26.Nxd7+ Qxd7 27.Qf6+ Kg8 28.Rf1 Rf8 29.Qg6+ Kh8
30.Bg4 Qa4 31.Rf4 Qc2 32.Qh5+ Kg7 33.Qg5+ Kh8 34.Bxf5  1-0

[Event "Capablanca mem-C"]
[Site "Cienfuegos"]
[Date "1991.??.??"]
[Round "7"]
[White "Andres, Miguel"]
[Black "Velez, Nestor"]
[Result "1/2-1/2"]
[WhiteElo "2325"]
[BlackElo "2320"]

1.e4 g6 2.d4 Bg7 3.Nc3 c6 4.Nf3 d5 5.h3 h5 6.Bf4 dxe4 7.Nxe4 Bf5 8.Ng3 Be6
9.c3 Qb6 10.Qd2 Bd5 11.Be2 Nf6 12.Nf1 Nbd7 13.Ne3 Nf8 14.O-O  1/2-1/2

[Event "Clichy op"]
[Site "Clichy"]
[Date "1991.??.??"]
[Round "7"]
[White "Motwani, Paul"]
[Black "Petursson, Margeir"]
[Result "1/2-1/2"]
[WhiteElo "2425"]
[BlackElo "2515"]

1.e4 g6 2.d4 Bg7 3.Nc3 c6 4.f4 d5 5.e5 Nh6 6.Nf3 Bg4 7.h3 Bxf3 8.Qxf3 Nf5
9.Ne2 e6 10.g4 Ne7 11.Be3 Qa5+ 12.c3 Nd7 13.Ng3 f6 14.exf6 Bxf6 15.Bd3 O-O-O
16.O-O h5 17.Bf2 Rdf8 18.Qe3 hxg4 19.hxg4 Qc7 20.Kg2 Bh4 21.Ne2 Bxf2 22.Rxf2 Qd6
23.Ng3 Rh4 24.Be2 Rfh8 25.Rh1 Kd8 26.Rff1 Rxh1 27.Rxh1 Rf8 28.Rf1 Rh8 29.Rh1 Rf8
30.Rf1 Rh8 31.Rh1  1/2-1/2

[Event "Clichy op"]
[Site "Clichy"]
[Date "1991.??.??"]
[Round "9"]
[White "Guedon, Stephanne"]
[Black "Petursson, Margeir"]
[Result "0-1"]
[WhiteElo "2295"]
[BlackElo "2515"]

1.e4 g6 2.d4 Bg7 3.Nc3 c6 4.g3 d6 5.Bg2 Nd7 6.Nge2 Ngf6 7.O-O O-O 8.h3 b5
9.a3 Rb8 10.g4 e5 11.Be3 a5 12.Ng3 exd4 13.Bxd4 c5 14.Be3 Ne5 15.Qc1 b4 16.axb4 axb4
17.Nce2 Re8 18.Rd1 Qc7 19.Bh6 Bh8 20.Nf4 Bb7 21.c3 Bc6 22.Nd5 Bxd5 23.exd5 bxc3
24.bxc3 c4 25.Rd4 Rb3 26.Qg5 Rxc3 27.Rf4 Qd8 28.Ra7 Rxg3 29.fxg3 Qb6+ 30.Kh2 Nfxg4+
31.hxg4 Qxa7 32.Kh3 c3 33.Rf6 Qe7 34.Rf1 Qxg5 35.Bxg5 Nd3 36.Rf3 Ne1 37.Rf2 Bd4
38.Ra2 Kg7 39.Bf1 c2 40.Bf4 Be3  0-1

[Event "Politicen Cup"]
[Site "Copenhagen"]
[Date "1991.??.??"]
[Round "?"]
[White "Sorensen, Jan"]
[Black "Poley, Vladimir"]
[Result "1-0"]
[WhiteElo "2415"]
[BlackElo "2445"]

1.e4 g6 2.d4 Bg7 3.Nc3 c6 4.Bc4 d5 5.exd5 b5 6.Bb3 b4 7.Nce2 cxd5 8.Bd2 a5
9.a3 bxa3 10.Rxa3 e6 11.Qa1 Nc6 12.Ba4 Ne7 13.b4 O-O 14.Bxc6 Nxc6 15.b5 Ne7
16.Bxa5 Qd7 17.Qb2 Rb8 18.Rb3 Nf5 19.Nf3 Nd6 20.Ne5 Bxe5 21.dxe5 Nc4 22.Qc3 Rxb5
23.Bb4 Re8 24.O-O Rb7 25.Qg3 Qc7 26.Bc3 Bd7 27.Nf4 Rxb3 28.cxb3 Nxe5 29.Nxg6 Nf3+
30.Qxf3 hxg6 31.Bf6 e5 32.Qg3 Re6 33.Qh4 Rxf6 34.Qxf6 d4 35.f4 d3 36.fxe5 Be6
37.Qf4 Bxb3 38.Qd4 Qc2 39.Ra1 Ba2 40.e6 fxe6 41.Qd8+ Kg7 42.Qe7+ Kh6 43.Qh4+ Kg7
44.Qe7+ Kh6 45.Qf8+ Kh5 46.Rf1 Qd2 47.Qh8+ Qh6 48.g4+ Kg5 49.h4+ Qxh4 50.Qf6+  1-0

[Event "NLD-ch sf"]
[Site "Enschede"]
[Date "1991.??.??"]
[Round "2"]
[White "Klip, Hans"]
[Black "Klarenbeek, Hans"]
[Result "1/2-1/2"]
[WhiteElo "2300"]
[BlackElo "2370"]

1.e4 g6 2.d4 Bg7 3.Nc3 c6 4.Be3 d5 5.f3 dxe4 6.fxe4 Nf6 7.Nf3 O-O 8.h3 Nbd7
9.Qd2 Qa5 10.e5 Nd5 11.Nxd5 Qxd2+ 12.Bxd2 cxd5 13.Bd3 Nb8 14.O-O Nc6 15.Rae1 Rb8
16.b4 b5 17.a4 a6 18.Ra1 Bf5 19.Bxf5 gxf5 20.c3 a5 21.bxa5  1/2-1/2

[Event "FRA-chT"]
[Site "FRA"]
[Date "1991.??.??"]
[Round "?"]
[White "Renet, Olivier"]
[Black "Spraggett, Kevin"]
[Result "1-0"]
[WhiteElo "2470"]
[BlackElo "2495"]

1.e4 g6 2.d4 Bg7 3.Nc3 c6 4.f4 d5 5.e5 h5 6.Nf3 Bg4 7.Bd3 e6 8.h3 Bxf3 9.Qxf3 h4
10.O-O Nh6 11.Be3 Nf5 12.Bf2 Bf8 13.b3 Nd7 14.Ne2 Be7 15.c4 Kf8 16.a3 Kg7
17.Rfc1 a6 18.Rc2 Nf8 19.c5 Qd7 20.b4 f6 21.a4 Nh7 22.Rb1 fxe5 23.dxe5 Nh6
24.Bd4 Rhf8 25.Rcb2 Rf7 26.Rb3 Nf5 27.Bxf5 Rxf5 28.Qd3 Rf7 29.Qc2 Raf8 30.b5 axb5
31.axb5 Bd8 32.Be3 g5 33.bxc6 bxc6 34.Rb7 Qe8 35.Nd4 gxf4 36.Bxf4 Rxb7 37.Rxb7+ Rf7
38.Rxf7+ Qxf7 39.Nxc6 Qxf4 40.Nxd8 Qxe5 41.Qc1 Qf6 42.c6  1-0

[Event "FRA-chT"]
[Site "FRA"]
[Date "1991.??.??"]
[Round "?"]
[White "Tagnon, Nicole"]
[Black "Lebel Arias, Julia"]
[Result "0-1"]
[WhiteElo "2110"]
[BlackElo "2055"]

1.e4 g6 2.d4 Bg7 3.Nc3 c6 4.a3 d6 5.h4 h5 6.Nh3 Nh6 7.Be2 Qb6 8.Be3 Ng4 9.Bxg4 Bxg4
10.Qd2 Bxh3 11.Rxh3 Qxb2 12.Rb1 Qxa3 13.Rxb7 Qa6 14.Rb1 Nd7 15.d5 c5 16.Bg5 Rb8
17.Rxb8+ Nxb8 18.Nb5 O-O 19.c4 Qa1+ 20.Ke2 a6 21.Ra3 Qe5 22.Nc3 f5 23.f4 Qd4
24.Bxe7 Re8 25.Bxd6 Qxc4+ 26.Qd3 Qb4 27.Nd1 Rxe4+ 28.Kf3 Qb6 29.Bxb8 Qxb8
30.g3 c4 31.Qc2 Qb5 32.Qd2 Rd4 33.Qe2 Qxd5+  0-1

[Event "FRA-chT"]
[Site "FRA"]
[Date "1991.??.??"]
[Round "?"]
[White "Chevallier, Didier"]
[Black "Seret, Jean Luc"]
[Result "1/2-1/2"]
[WhiteElo "2260"]
[BlackElo "2375"]

1.e4 g6 2.d4 c6 3.Nc3 Bg7 4.Bc4 d6 5.Nf3 Nf6 6.Qe2 O-O 7.O-O b5 8.Bb3 b4
9.Na4 Ba6 10.Bc4 Bxc4 11.Qxc4 Qa5 12.e5 Qxa4 13.exf6 Bxf6 14.a3 Nd7 15.b3 Nb6
16.Qxb4 Qxb4 17.axb4 Nd5 18.Bd2 Rfb8 19.Ra4 Nc7 20.Rfa1 Nb5 21.Be3 Rb7 22.Kf1 e5
23.dxe5 dxe5 24.Bg5 Bg7 25.Re1 Nc3 26.Ra6 e4 27.Nd2 h6 28.Be3 Rxb4 29.Rxc6 Rb7
30.Bc5 Re8 31.Nc4 Kh7 32.Nd6 Re6 33.Nxb7 Rxc6 34.b4 f5 35.f3 Ra6 36.Na5  1/2-1/2

[Event "FRA-chT"]
[Site "FRA"]
[Date "1991.??.??"]
[Round "?"]
[White "Capron, Daniel"]
[Black "Levacic, Damir"]
[Result "1/2-1/2"]
[WhiteElo "2110"]
[BlackElo "2400"]

1.e4 g6 2.d4 Bg7 3.Nc3 c6 4.Be3 d5 5.f3 Nf6 6.Qd2 dxe4 7.fxe4 Ng4 8.O-O-O Nxe3
9.Qxe3 O-O 10.Be2 Qa5 11.Nf3 b5 12.Nd2 Qb6 13.Nb3 e5 14.Qg1 exd4 15.Nxd4 b4
16.Na4 Qa5 17.b3 Qg5+ 18.Kb1 Qe5 19.Bf3 Rd8 20.c3 bxc3 21.Nc2 Rd2 22.Qe3 Na6
23.Rxd2 cxd2 24.Rd1 Bf6 25.Rxd2 Be6 26.g3 c5 27.Qf4 c4 28.Rd6 cxb3 29.axb3 Nc7
30.Qxe5 Bxe5 31.Rc6 Rb8 32.b4 Bd7 33.Rc5 Bd6 34.Ra5 Bxb4 35.Nxb4 Rxb4+ 36.Nb2 Nb5
37.Kc1 Bc6 38.Be2 Nd4 39.Bd1 Bxe4 40.Rxa7 Kg7 41.Ra4 Rxa4 42.Nxa4 g5 43.Nc5 Bf3
44.Nb3 Bxd1 45.Nxd4 Bg4 46.Kd2 Kf6 47.Ke3 Ke5 48.Nc6+ Kd6 49.Nd4 Kd5 50.Nb5 Bd7
51.Nd4 h6 52.Nf3 Bg4 53.Nd4 Bh3 54.Nf3 Bg2 55.Nd4 Ke5 56.Ne2 Kf5 57.Nd4+ Kg4
58.Kf2 Kh3 59.Nf5 h5 60.Kg1 Be4 61.Ne3 h4 62.Nd1 hxg3 63.hxg3 Kxg3  1/2-1/2

[Event "FRA-chT"]
[Site "FRA"]
[Date "1991.??.??"]
[Round "?"]
[White "Sonnet, Jean Pierre"]
[Black "Ebalard, Marc"]
[Result "0-1"]
[WhiteElo "2235"]
[BlackElo "2245"]

1.e4 g6 2.d4 Bg7 3.Nc3 c6 4.Be3 d6 5.Qd2 b5 6.f3 a6 7.g4 h5 8.g5 Nd7 9.Nh3 Bb7
10.Nf2 Qc7 11.h4 e6 12.a4 Ne7 13.Bg2 O-O 14.O-O Rac8 15.Rac1 Rfd8 16.Rfd1 Qb8
17.b3 Ba8 18.axb5 cxb5 19.Na2 d5 20.Bf4 Qb6 21.Be3 Qb8 22.Bf4 e5 23.dxe5 Nxe5
24.Nd3 dxe4 25.fxe4 Qb6+ 26.Be3 Qe6 27.Qe2 Nxd3 28.Rxd3 Bxe4 29.Rxd8+ Rxd8
30.Bf2 Bxg2 31.Qxe6 fxe6 32.Kxg2 Rd2 33.Kf3 Bb2 34.Re1 Rxc2 35.Rxe6 Ba3 36.Rxa6 Rxa2
37.Bc5 Bxc5 38.Rxa2 Nf5 39.Ra5 Be7 40.Ra8+ Kf7 41.Ke4 b4 42.Ra7 Nxh4 43.Rb7 Nf5  0-1

[Event "FRA-chT"]
[Site "FRA"]
[Date "1991.??.??"]
[Round "?"]
[White "Prie, Eric"]
[Black "Bricard, Emmanuel"]
[Result "1/2-1/2"]
[WhiteElo "2480"]
[BlackElo "2395"]

1.e4 g6 2.d4 Bg7 3.Nc3 c6 4.f4 d5 5.e5 h5 6.Nf3 Nh6 7.Be3 Bg4 8.h3 Bxf3 9.Qxf3 e6
10.Bf2 h4 11.Bd3 Bf8 12.O-O Be7 13.Ne2 Nd7 14.b3 Kf8 15.c4 Kg7 16.c5 a5 17.Nc3 b6
18.cxb6 Nxb6 19.Rfc1 Qd7 20.a4 Qb7 21.Nb1 Nd7 22.Nd2 Nb8 23.Qd1 Na6 24.Nf3 Nf5
25.Bxf5 gxf5 26.Qe1 Bb4 27.Qe3 Be7 28.Qe1 Bb4 29.Qe3 Be7  1/2-1/2

[Event "GER CupT"]
[Site "GER"]
[Date "1991.??.??"]
[Round "?"]
[White "Tischbierek, Raj"]
[Black "Otte, Lars"]
[Result "1-0"]
[WhiteElo "2500"]
[BlackElo "2220"]

1.e4 g6 2.d4 Bg7 3.Nc3 c6 4.Nf3 d5 5.h3 Nf6 6.Bd3 dxe4 7.Nxe4 Nxe4 8.Bxe4 Nd7
9.O-O O-O 10.c3 c5 11.Bg5 cxd4 12.Nxd4 Nc5 13.Bf3 a6 14.Re1 Re8 15.Nb3 Qc7
16.Nxc5 Qxc5 17.Qa4 Be6 18.Be3 Qc4 19.Qa5 Rab8 20.Bb6 Rec8 21.Rad1 Qxa2 22.Qxa2 Bxa2
23.Ba7 Bb3 24.Rd7 Be6 25.Rdd1 Bb3 26.Ra1 Bf6 27.Bxb8 Rxb8 28.Ra3 Be6 29.Rd1 Be5
30.Raa1 Bd6 31.Bd5 Bf5 32.Rd2 h5 33.Kf1 Kg7 34.Ke2 Bc7 35.Rd4 Be5 36.Rb4 Bc8  1-0

[Event "GER-ch U20"]
[Site "GER"]
[Date "1991.??.??"]
[Round "?"]
[White "Mach, Holger"]
[Black "Gueldner, Kurt"]
[Result "1-0"]
[WhiteElo "2240"]
[BlackElo "2310"]

1.e4 g6 2.d4 Bg7 3.Nc3 c6 4.Nf3 d5 5.h3 dxe4 6.Nxe4 Nd7 7.Bc4 Ngf6 8.Nxf6+ Nxf6
9.O-O O-O 10.Re1 Nd5 11.Qe2 Re8 12.c3 Qc7 13.Bg5 Be6 14.Qd2 Rad8 15.Bh6 Bf6
16.Ng5 Bf5 17.Rad1 e5 18.dxe5 Rxe5 19.Rxe5 Qxe5 20.Re1 Qc7 21.Bxd5 cxd5 22.Qe3 Qd7
23.Nf3 Qa4 24.Nd4 Bd7 25.Qf4 Bg7 26.Bxg7 Kxg7 27.Re7 Rf8 28.Ne6+  1-0